000 00844nam a2200229 a 4500
001 000022426
003 DO-SdBNP
005 20250410124537.0
008 101011s1998 dr ac r 001 0 spa d
040 _aDO-SdBNP
_bspa
_cBNPHU
082 _a972.9302
_bU26e
100 1 _aUgarte, María
_d1914-
_923239
245 1 0 _aEstampas coloniales /
_cMaría Ugarte ; presentación José Rafael Lantigua.
260 _aSanto Domingo :
_bComisión Permanente de la Feria Nacional del Libro,
_c1998.
_fAmigo del Hogar
300 _a2 v. ;
_c23 cm.
500 _aIncluye referencias biblográficas y notas al pie de las páginas
505 0 _gv. 1
_tSiglo XVI --
_gv. 2
_tSiglos XVII-XVIII-XIX
590 _aInventariado, 2019/BT
700 1 _aLantigua, José Rafael,
_d1949-
_91438
910 _aValidado. Control de calidad. MMOLINA
942 _2ddc
_cLBS1
999 _c21924
_d21924